| 000 | 00466 a2200145 4500 | ||
|---|---|---|---|
| 999 |
_c395 _d395 |
||
| 020 | _a0853648794 | ||
| 050 | _aBS1192.5 KNI 1969 | ||
| 100 |
_aKnight, George A. F. _eauthor |
||
| 245 |
_aA Christian theology of the Old Testament / _cGeorge A. F. Knight. |
||
| 264 |
_aLondon : _b SCM Press, _c1969 |
||
| 300 | _axii, 396p. : | ||
| 500 | _aIncludes bibliographical references and indexes. | ||
| 650 |
_aBible. Old Testament _xTheology |
||
| 942 |
_2lcc _cBK _h1192.5 _iKNI _kBS |
||